[Event "CRO-chT1A 28th"]
[Site "Mali Losinj"]
[Date "2019.10.06"]
[Round "9.46"]
[White "Zivkovic, Nikola"]
[Black "Plenca, Jadranko"]
[Result "0-1"]
[WhiteElo "2139"]
[BlackElo "2469"]
[PlyCount "70"]
[EventDate "2019.09.28"]
[EventType "team-tourn"]
[EventRounds "9"]
[EventCountry "CRO"]
[SourceTitle "EXT 2020"]
[Source "ChessBase"]
[SourceDate "2019.10.17"]
[SourceVersion "1"]
[SourceVersionDate "2019.10.17"]
[SourceQuality "1"]
[WhiteTeam "Vukovar"]
[BlackTeam "Rijeka Liburnija"]
[WhiteTeamCountry "CRO"]
[BlackTeamCountry "CRO"]

1. e4 e5 2. Nf3 Nc6 3. Bb5 a6 4. Ba4 Nf6 5. 0-0 b5 6. Bb3 Bb7 7. Re1 Be7 8. c3 0-0 9. d4 d6 10. Nbd2 h6 11. Nf1 Re8 12. Ng3 Bf8 13. a4 exd4 14. cxd4 Na5 15. Bc2 c5 16. d5 g6 17. Nd2 Bg7 18. f4 c4 19. h3 b4 20. Nf3 b3 21. Bb1 c3 22. bxc3 b2 23. Bxb2 Qb6+ 24. Kh2 Qxb2 25. Bd3 Qxc3 26. Rc1 Qa3 27. Rb1 Rac8 28. Rb6 Nd7 29. Rb1 Rc3 30. Bf1 Nc5 31. Qd2 Nab3 32. Qf2 Qxa4 33. e5 Qxf4 34. e6 fxe6 35. Kh1 Bd4 0-1

[Event "CRO-chT1A 27th"]
[Site "Biograd"]
[Date "2018.09.08"]
[Round "1.36"]
[White "Bozinovic, Bogdan"]
[Black "Zivkovic, Nikola"]
[Result "1/2-1/2"]
[WhiteElo "2229"]
[BlackElo "2144"]
[PlyCount "99"]
[EventDate "2018.09.08"]
[EventType "team-tourn"]
[EventRounds "9"]
[EventCountry "CRO"]
[SourceTitle "CBM 186 Extra"]
[Source "ChessBase"]
[SourceDate "2018.08.24"]
[SourceVersion "1"]
[SourceVersionDate "2018.08.24"]
[SourceQuality "1"]
[WhiteTeam "Sesvete Sljeme"]
[BlackTeam "Vukovar"]
[WhiteTeamCountry "CRO"]
[BlackTeamCountry "CRO"]

1. d4 Nf6 2. c4 g6 3. Nc3 Bg7 4. e4 d6 5. Nge2 0-0 6. Ng3 e5 7. d5 a5 8. Be2 Na6 9. h4 h5 10. Bg5 Qe8 11. Qd2 Nh7 12. Bh6 f6 13. Be3 Bd7 14. 0-0-0 Nc5 15. f3 a4 16. Nf1 f5 17. Bd3 Nxd3+ 18. Qxd3 f4 19. Bf2 a3 20. b3 Qe7 21. Nd2 Rfc8 22. Kb1 Kh8 23. Ka1 Ra5 24. Ndb1 Bf8 25. Be1 Ra7 26. Nb5 Bxb5 27. cxb5 Nf6 28. Bb4 Rca8 29. Rc1 b6 30. Be1 Qf7 31. Rc3 Bg7 32. Nd2 Qd7 33. Rc6 Qf7 34. Kb1 Rg8 35. Rc2 Ne8 36. Nc4 Qd7 37. Qe2 Bf6 38. Nd2 Kh7 39. Kc1 Rg7 40. Nb1 Qd8 41. Qf2 Be7 42. Bb4 Qa8 43. Be1 Nf6 44. Rc4 Qe8 45. Rc6 Nd7 46. Qe2 Qd8 47. Nc3 Nc5 48. Qc2 Qa8 49. Nb1 Bd8 50. Nc3 1/2-1/2

[Event "CRO-chT1A 25th"]
[Site "Sibenik"]
[Date "2016.10.14"]
[Round "7.4"]
[White "Zivkovic, Nikola"]
[Black "Feletar, Darko"]
[Result "0-1"]
[WhiteElo "2181"]
[BlackElo "2363"]
[PlyCount "82"]
[EventDate "2016.10.08"]
[EventType "team-tourn"]
[EventRounds "9"]
[EventCountry "CRO"]
[SourceTitle "EXT 2017"]
[Source "ChessBase"]
[SourceDate "2016.10.25"]
[SourceVersion "1"]
[SourceVersionDate "2016.10.25"]
[SourceQuality "1"]
[WhiteTeam "Vukovar 91"]
[BlackTeam "Osijek"]
[WhiteTeamCountry "CRO"]
[BlackTeamCountry "CRO"]

1. e4 c5 2. Nf3 e6 3. d4 cxd4 4. Nxd4 a6 5. Nc3 d6 6. Bc4 Nf6 7. Bb3 Nc6 8. Be3 Qc7 9. Qe2 Be7 10. 0-0-0 0-0 11. Rhg1 Nd7 12. g4 Nxd4 13. Bxd4 Nc5 14. Kb1 Bd7 15. f4 b5 16. Qf3 b4 17. Ne2 a5 18. f5 a4 19. Bc4 Nxe4 20. Bd3 Ng5 21. Qf1 e5 22. h4 exd4 23. hxg5 Bxg5 24. Qh3 Rfe8 25. Rh1 h6 26. Nxd4 a3 27. Qf3 Qc5 28. Be4 Rac8 29. Rd3 Bb5 30. Rdd1 Bd7 31. Rd3 Bf6 32. Rhd1 d5 33. Bxd5 Bxd4 34. Bb3 Bc6 35. Qh3 Bf6 36. g5 Bxg5 37. Rg3 Qe5 38. c3 Be4+ 39. Ka1 axb2+ 40. Kxb2 bxc3+ 41. Rxc3 Bf6 0-1

[Event "CRO-chT"]
[Site "Bol"]
[Date "2014.05.18"]
[Round "6.11"]
[White "Zivkovic, Nikola"]
[Black "Lacmanovic, Stipe"]
[Result "1/2-1/2"]
[WhiteElo "2191"]
[BlackElo "2060"]
[PlyCount "62"]
[EventDate "2014.05.14"]
[EventType "team-swiss"]
[EventRounds "6"]
[EventCountry "CRO"]
[SourceTitle "CBM 160 Extra"]
[Source "ChessBase"]
[SourceDate "2014.07.01"]
[SourceVersion "1"]
[SourceVersionDate "2014.07.01"]
[SourceQuality "1"]
[WhiteTeam "Vukovar"]
[BlackTeam "Sibenik"]
[WhiteTeamCountry "CRO"]
[BlackTeamCountry "CRO"]

1. e4 c6 2. d4 d5 3. exd5 cxd5 4. c4 Nf6 5. Nc3 e6 6. Nf3 Be7 7. c5 0-0 8. Bd3 b6 9. cxb6 axb6 10. 0-0 Ba6 11. Re1 Bxd3 12. Qxd3 Nc6 13. a3 Na5 14. Ne5 Nb3 15. Nc6 Nxc1 16. Raxc1 Qd7 17. Nb5 Rfc8 18. Ne5 Rxc1 19. Rxc1 Rc8 20. Rxc8+ Qxc8 21. Qc3 Qxc3 22. Nxc3 Bd6 23. Nd3 Kf8 24. f3 Ke7 25. Kf2 Nd7 26. g3 Nb8 27. Nb5 Nc6 28. Nxd6 Kxd6 29. Ke3 Na5 30. f4 Nc4+ 31. Ke2 f6 1/2-1/2

[Event "Bosnjaci op 19th"]
[Site "Bosnjaci"]
[Date "2014.01.04"]
[Round "3"]
[White "Radmanovic, Danijel"]
[Black "Zivkovic, Nikola"]
[Result "0-1"]
[WhiteElo "2006"]
[BlackElo "2204"]
[PlyCount "61"]
[EventDate "2014.01.03"]
[EventType "swiss"]
[EventRounds "9"]
[EventCountry "CRO"]
[SourceTitle "CBM 158 Extra"]
[Source "ChessBase"]
[SourceDate "2014.02.28"]
[SourceVersion "1"]
[SourceVersionDate "2014.02.28"]
[SourceQuality "1"]

1. e4 c5 2. d4 cxd4 3. c3 dxc3 4. Nxc3 Nc6 5. Nf3 d6 6. Bc4 e6 7. 0-0 Nf6 8. Qe2 Be7 9. Rd1 e5 10. Be3 0-0 11. b4 a6 12. h3 Be6 13. Bxe6 fxe6 14. Qc4 Qd7 15. Rd2 Rac8 16. Qb3 h6 17. Rad1 Kh7 18. Bc5 Qc7 19. Rxd6 Nd4 20. Nxd4 exd4 21. R1xd4 Rfe8 22. Rb6 Nd7 23. Rxd7 Qxd7 24. Rxe6 Bxc5 25. Rxe8 Bxf2+ 26. Kxf2 Rxe8 27. Ke3 Qe7 28. Qd5 Qxb4 29. Qf5+ Kh8 30. Nd5 Qc5+ 31. Kf4 0-1

[Event "Bosnjaci op 19th"]
[Site "Bosnjaci"]
[Date "2014.01.04"]
[Round "2"]
[White "Zivkovic, Nikola"]
[Black "Kuljasevic, Davorin"]
[Result "0-1"]
[WhiteElo "2204"]
[BlackElo "2580"]
[PlyCount "98"]
[EventDate "2014.01.03"]
[EventType "swiss"]
[EventRounds "9"]
[EventCountry "CRO"]
[SourceTitle "CBM 158 Extra"]
[Source "ChessBase"]
[SourceDate "2014.02.28"]
[SourceVersion "1"]
[SourceVersionDate "2014.02.28"]
[SourceQuality "1"]

1. e4 e5 2. Nf3 Nc6 3. Bb5 a6 4. Ba4 Nf6 5. 0-0 Be7 6. Re1 b5 7. Bb3 d6 8. c3 0-0 9. h3 h6 10. d4 Re8 11. Nbd2 Bf8 12. a4 Bd7 13. d5 Ne7 14. Nf1 c6 15. dxc6 Bxc6 16. Ng3 Ng6 17. Nh2 Nf4 18. Ng4 Nd7 19. axb5 axb5 20. Rxa8 Bxa8 21. f3 Nc5 22. Bc2 h5 23. Nf2 Qg5 24. Bxf4 Qxf4 25. Nf1 Qg5 26. Qc1 Qh4 27. g3 Qf6 28. Qd1 h4 29. Ng4 Qg5 30. Qd2 Qh5 31. Kg2 Be7 32. Nfe3 hxg3 33. Nf5 Ne6 34. Nxg3 Qh4 35. Ne2 Bg5 36. Qd1 Nf4+ 37. Nxf4 Bxf4 38. Rh1 f5 39. Nf2 Kh8 40. Kf1 fxe4 41. Nxe4 d5 42. Nf2 e4 43. fxe4 Bg3 44. Ng4 dxe4 45. Qd7 Rf8+ 46. Ke2 Bf4 47. Bb3 e3 48. Rg1 Rd8 49. Ne5 Qf2+ 0-1

[Event "Bosnjaci op 18th"]
[Site "Bosnjaci"]
[Date "2013.01.06"]
[Round "5"]
[White "Zivkovic, Nikola"]
[Black "Saric, Sinisa"]
[Result "0-1"]
[WhiteElo "2249"]
[BlackElo "2418"]
[PlyCount "128"]
[EventDate "2013.01.03"]
[EventType "swiss"]
[EventRounds "9"]
[EventCountry "CRO"]
[SourceTitle "CBM 152 Extra"]
[Source "ChessBase"]
[SourceDate "2013.02.25"]
[SourceVersion "1"]
[SourceVersionDate "2013.02.25"]
[SourceQuality "1"]

1. e4 d5 2. exd5 Qxd5 3. Nc3 Qa5 4. d4 Nf6 5. Nf3 c6 6. Bd2 Bf5 7. Ne4 Qb6 8. Nxf6+ gxf6 9. b4 Nd7 10. a4 e5 11. a5 Qc7 12. Nh4 Be6 13. Bd3 exd4 14. 0-0 Ne5 15. Bf5 0-0-0 16. Rb1 Ng6 17. Bxe6+ fxe6 18. Qg4 f5 19. Qh5 Nxh4 20. Qxh4 Rg8 21. f4 Qd7 22. Qf2 Rg6 23. Qf3 Qd5 24. a6 b5 25. Qxd5 Rxd5 26. Rbe1 Kd7 27. Rf3 Kc7 28. Kf1 Kb6 29. Rd3 c5 30. bxc5+ Bxc5 31. Ra1 Kc6 32. g3 Rg7 33. Rc1 Rg8 34. Re1 Kd7 35. Rc3 Bb6 36. Rb3 Rf8 37. Reb1 Rc8 38. Rc1 Rc4 39. Ke2 Ra4 40. Rcb1 Kc6 41. h3 h5 42. g4 fxg4 43. hxg4 hxg4 44. Rg3 Rxa6 45. Rxg4 Ra2 46. Kd3 Rc5 47. Rc1 Rc4 48. Rg6 Kd7 49. Rg7+ Kd6 50. Rg6 Ra3+ 51. Ke2 Ke7 52. Rg5 a6 53. Rg7+ Kd6 54. f5 exf5 55. Rg6+ Kc7 56. Rf6 Rh3 57. Bf4+ Kb7 58. Rxf5 Rhc3 59. Rf7+ Bc7 60. Rxc7+ Rxc7 61. Bxc7 Kxc7 62. Ra1 Rxc2+ 63. Kd3 Rc6 64. Kxd4 Kb6 0-1

[Event "CRO-chT1B 21st"]
[Site "Sibenik"]
[Date "2012.09.29"]
[Round "7.1"]
[White "Zivkovic, Nikola"]
[Black "Vlasic, Nenad"]
[Result "1-0"]
[WhiteElo "2262"]
[BlackElo "2208"]
[PlyCount "63"]
[EventDate "2012.09.23"]
[EventType "team-tourn"]
[EventRounds "7"]
[EventCountry "CRO"]
[SourceTitle "CBM 150 Extra"]
[Source "ChessBase"]
[SourceDate "2012.10.19"]
[SourceVersion "1"]
[SourceVersionDate "2012.10.19"]
[SourceQuality "1"]
[WhiteTeam "Vukovar"]
[BlackTeam "Pozega"]
[WhiteTeamCountry "CRO"]
[BlackTeamCountry "CRO"]

1. e4 c5 2. Nf3 d6 3. d4 Nf6 4. Nc3 cxd4 5. Nxd4 Nc6 6. Be3 Ng4 7. Nxc6 bxc6 8. Bc1 Qb6 9. Qd2 g6 10. Na4 Qc7 11. h3 Nf6 12. Bd3 Bg7 13. 0-0 0-0 14. f4 d5 15. e5 Nd7 16. Kh1 e6 17. b3 f6 18. Ba3 Rf7 19. Bd6 Qd8 20. Qc3 Bb7 21. Rae1 fxe5 22. fxe5 Rxf1+ 23. Rxf1 Qh4 24. Nc5 Nxc5 25. Qxc5 Qg3 26. Qb4 Bc8 27. Rf3 Qg5 28. a4 Bd7 29. Be7 c5 30. Qb7 Qxe7 31. Qxa8+ Qe8 32. Qxa7 1-0

[Event "Bosnjaci op 17th"]
[Site "Bosnjaci"]
[Date "2012.01.06"]
[Round "6"]
[White "Zivkovic, Nikola"]
[Black "Martinovic, Sasa"]
[Result "0-1"]
[WhiteElo "2235"]
[BlackElo "2505"]
[PlyCount "84"]
[EventDate "2012.01.03"]
[EventType "swiss"]
[EventRounds "9"]
[EventCountry "CRO"]
[SourceTitle "CBM 146 Extra"]
[Source "ChessBase"]
[SourceDate "2012.02.29"]
[SourceVersion "1"]
[SourceVersionDate "2012.02.29"]
[SourceQuality "1"]

1. e4 c5 2. Nf3 Nc6 3. d4 cxd4 4. Nxd4 Nf6 5. Nc3 d6 6. Bc4 Qb6 7. Nb3 e6 8. 0-0 Be7 9. Be3 Qc7 10. f4 a6 11. a4 b6 12. Kh1 Bb7 13. Qf3 0-0 14. Qg3 Kh8 15. f5 Nb4 16. Bd3 e5 17. Rad1 Rac8 18. Bg5 Nh5 19. Qh4 Bxg5 20. Qxh5 Bf6 21. Rf3 h6 22. h4 Kh7 23. Rh3 Qe7 24. Rf1 d5 25. exd5 Nxd5 26. Nxd5 Bxd5 27. Qe2 e4 28. Bxa6 Rc7 29. c4 Ba8 30. Qf2 Rd8 31. Bb5 Rd3 32. Rxd3 exd3 33. Rd1 Qb4 34. Na1 Bd4 35. Qg3 Qxb2 36. f6 Bxf6 37. Qxd3+ g6 38. Nc2 Bxh4 39. Rd2 Rc5 40. Qd7 Rf5 41. Kh2 Bf2 42. Qe8 Rh5# 0-1

[Event "Bosnjaci op 17th"]
[Site "Bosnjaci"]
[Date "2012.01.05"]
[Round "4"]
[White "Matanovic, Zlatko"]
[Black "Zivkovic, Nikola"]
[Result "0-1"]
[WhiteElo "2035"]
[BlackElo "2235"]
[PlyCount "138"]
[EventDate "2012.01.03"]
[EventType "swiss"]
[EventRounds "9"]
[EventCountry "CRO"]
[SourceTitle "CBM 146 Extra"]
[Source "ChessBase"]
[SourceDate "2012.02.29"]
[SourceVersion "1"]
[SourceVersionDate "2012.02.29"]
[SourceQuality "1"]

1. d4 Nf6 2. c4 g6 3. Nc3 Bg7 4. e4 d6 5. Bd3 0-0 6. Nge2 Nbd7 7. 0-0 e5 8. d5 Nc5 9. Bc2 a5 10. Be3 b6 11. Qd2 Ng4 12. Bg5 f6 13. Bh4 g5 14. Bg3 h5 15. f3 Nh6 16. Bf2 Qe8 17. Nb5 Na6 18. a3 Bd7 19. Ba4 Qg6 20. Rac1 f5 21. exf5 Nxf5 22. Bc2 Qf6 23. Qd3 h4 24. Nec3 Qh6 25. Ne4 Qh5 26. Qe2 Rf7 27. Bd3 Raf8 28. Be1 Bxb5 29. cxb5 Nc5 30. Nxc5 Nd4 31. Qe4 bxc5 32. Bf2 Rf4 33. Qe3 h3 34. Bg3 hxg2 35. Kxg2 Rxf3 36. Rxf3 Qxf3+ 37. Qxf3 Rxf3 38. Rd1 g4 39. a4 Bh6 40. Be1 c4 41. Bxc4 Nf5 42. Rd3 Ne3+ 43. Rxe3 Bxe3 44. Bxa5 Bb6 45. Be1 Kg7 46. a5 Bd4 47. b3 Kf7 48. Bb4 Ke7 49. Be1 Rh3 50. Bf2 Bxf2 51. Kxf2 Rxh2+ 52. Kg3 Ra2 53. a6 Kd8 54. Kxg4 Kc8 55. Kf3 Kb8 56. Ke4 Ka7 57. Kd3 Kb6 58. Ke4 Ra1 59. Kd3 Rc1 60. Kd2 Rh1 61. Ke2 Rh3 62. Kd2 Kc5 63. Ke2 Kd4 64. Kf2 e4 65. Kg2 Rf3 66. Kg1 Rf8 67. Kg2 Kc3 68. b6 cxb6 69. Bb5 e3 0-1

[Event "CRO-chT1B 20th"]
[Site "Sibenik"]
[Date "2011.10.10"]
[Round "7.5"]
[White "Bender, Ivan"]
[Black "Zivkovic, Nikola"]
[Result "1/2-1/2"]
[WhiteElo "2263"]
[BlackElo "2236"]
[PlyCount "23"]
[EventDate "2011.10.04"]
[EventType "team-tourn"]
[EventRounds "9"]
[EventCountry "CRO"]
[SourceTitle "CBM 144 Extra"]
[Source "ChessBase"]
[SourceDate "2011.10.28"]
[SourceVersion "1"]
[SourceVersionDate "2011.10.28"]
[SourceQuality "1"]
[WhiteTeam "Dubrovnik"]
[BlackTeam "Vukovar"]
[WhiteTeamCountry "CRO"]
[BlackTeamCountry "CRO"]

1. e4 c5 2. Nf3 d6 3. d4 cxd4 4. Nxd4 Nf6 5. Nc3 a6 6. a4 e6 7. Be2 Be7 8. 0-0 0-0 9. Kh1 Qc7 10. f4 b6 11. Bf3 Bb7 12. Be3 1/2-1/2

[Event "CRO-Cup 19th"]
[Site "Sibenik"]
[Date "2010.05.23"]
[Round "6"]
[White "Prpic, Ivan"]
[Black "Zivkovic, Nikola"]
[Result "0-1"]
[WhiteElo "1974"]
[BlackElo "2184"]
[PlyCount "120"]
[EventDate "2010.05.19"]
[EventType "team-tourn"]
[EventRounds "6"]
[EventCountry "CRO"]
[SourceTitle "CBM 136 Extra"]
[Source "ChessBase"]
[SourceDate "2010.07.02"]
[SourceVersion "2"]
[SourceVersionDate "2010.07.15"]
[SourceQuality "1"]

1. e4 c5 2. Nf3 d6 3. d4 cxd4 4. Nxd4 Nf6 5. Nc3 a6 6. Be2 e5 7. Nf3 Be7 8. 0-0 0-0 9. Re1 h6 10. h3 Qc7 11. a3 Nbd7 12. Nd5 Nxd5 13. exd5 f5 14. b3 Kh7 15. Bb2 Nf6 16. c4 Bd7 17. Rc1 b6 18. b4 Qb7 19. Rc2 Ba4 20. c5 bxc5 21. bxc5 Bxc2 22. Qxc2 Nxd5 23. cxd6 Bxd6 24. Nxe5 Qc7 25. Qxc7 Nxc7 26. Rd1 Ne8 27. Bh5 Bxe5 28. Bxe5 Nf6 29. Bf3 Rad8 30. Rb1 Rd3 31. Be2 Rd5 32. Bc3 Ne4 33. Bb4 Rf6 34. Bf3 Rb5 35. Rc1 a5 36. Be1 Re5 37. Kf1 Rd6 38. Be2 Nd2+ 39. Bxd2 Rxd2 40. Bh5 f4 41. Bd1 h5 42. a4 Rd4 43. Ra1 Rc5 44. Ke1 Kh6 45. Rb1 g6 46. Ra1 Rc3 47. Rb1 Ra3 48. Bc2 Rc3 49. Bd1 Rb4 50. Rxb4 axb4 51. Kd2 Ra3 52. Kc1 Ra1+ 53. Kd2 Ra2+ 54. Kd3 Rxf2 55. Kc4 Rxg2 56. a5 Rd2 57. Bf3 b3 58. a6 Ra2 59. Kb5 b2 60. Be4 f3 0-1

[Event "CRO-Cup 19th"]
[Site "Sibenik"]
[Date "2010.05.22"]
[Round "5"]
[White "Zivkovic, Nikola"]
[Black "Klobucar, Dean"]
[Result "1-0"]
[WhiteElo "2184"]
[BlackElo "2164"]
[PlyCount "67"]
[EventDate "2010.05.19"]
[EventType "team-tourn"]
[EventRounds "6"]
[EventCountry "CRO"]
[SourceTitle "CBM 136 Extra"]
[Source "ChessBase"]
[SourceDate "2010.07.02"]
[SourceVersion "2"]
[SourceVersionDate "2010.07.15"]
[SourceQuality "1"]

1. e4 e6 2. d4 d5 3. Nc3 Bb4 4. e5 c5 5. a3 Bxc3+ 6. bxc3 Ne7 7. a4 Qa5 8. Bd2 Nbc6 9. Nf3 Bd7 10. Be2 c4 11. 0-0 f6 12. exf6 gxf6 13. Nh4 0-0-0 14. Bh5 Ng6 15. Nf3 Rhg8 16. Re1 Rde8 17. Qc1 e5 18. dxe5 fxe5 19. Kh1 Bf5 20. Qa3 Bxc2 21. Ng5 Re7 22. Bg4+ Kb8 23. Ne6 Ka8 24. f3 Nf8 25. Nxf8 Rxf8 26. Bg5 Ree8 27. Bd7 Rb8 28. Bxc6 bxc6 29. Rxe5 Qxa4 30. Qxa4 Bxa4 31. Re7 Rfe8 32. Rxh7 Rb2 33. h4 Ree2 34. Rxa4 1-0

[Event "CRO-Cup 19th"]
[Site "Sibenik"]
[Date "2010.05.20"]
[Round "3"]
[White "Zivkovic, Nikola"]
[Black "Rubil, Marko"]
[Result "1-0"]
[WhiteElo "2184"]
[BlackElo "2150"]
[PlyCount "101"]
[EventDate "2010.05.19"]
[EventType "team-tourn"]
[EventRounds "6"]
[EventCountry "CRO"]
[SourceTitle "CBM 136 Extra"]
[Source "ChessBase"]
[SourceDate "2010.07.02"]
[SourceVersion "2"]
[SourceVersionDate "2010.07.15"]
[SourceQuality "1"]

1. e4 e5 2. Nf3 Nc6 3. Bb5 a6 4. Ba4 Nf6 5. 0-0 Be7 6. Re1 b5 7. Bb3 d6 8. c3 0-0 9. h3 Na5 10. Bc2 c5 11. d4 Qc7 12. Nbd2 Nc6 13. d5 Nd8 14. g4 Ne8 15. Nf1 g6 16. Ne3 Ng7 17. Kh2 f6 18. Rg1 Nf7 19. a4 Bd7 20. Bd2 c4 21. Nf1 Rfb8 22. Ng3 Nd8 23. Ra2 Nb7 24. Bh6 Bf8 25. g5 Ne8 26. Bxf8 Kxf8 27. gxf6 Nxf6 28. Qd2 Be8 29. Ng5 Nc5 30. f4 Ke7 31. fxe5 dxe5 32. Rf1 Qd6 33. Nf3 Ncd7 34. Qg5 Bf7 35. Nh4 Kd8 36. Bd1 Kc7 37. Be2 Kb7 38. Nf3 Re8 39. Qe3 h5 40. Kg2 Rh8 41. Ng5 Qe7 42. d6 Qf8 43. axb5 h4 44. bxa6+ Kc6 45. Nh1 Bg8 46. a7 Qh6 47. Kh2 Nh7 48. Rg1 Be6 49. b3 cxb3 50. Ra6+ Kb7 51. Qd3 1-0

[Event "SRB-ch U18"]
[Site "Sokobanja"]
[Date "2010.04.08"]
[Round "5"]
[White "Nestorovic, Lazar"]
[Black "Zivkovic, Nikola"]
[Result "1-0"]
[WhiteElo "2308"]
[BlackElo "2184"]
[PlyCount "119"]
[EventDate "2010.04.05"]
[EventType "swiss"]
[EventRounds "9"]
[EventCountry "YUG"]
[SourceTitle "CBM 135 Extra"]
[Source "ChessBase"]
[SourceDate "2010.05.04"]
[SourceVersion "1"]
[SourceVersionDate "2010.05.04"]
[SourceQuality "1"]

1. e4 e5 2. Nf3 Nc6 3. Bb5 a6 4. Ba4 Nf6 5. d3 b5 6. Bb3 Be7 7. 0-0 d6 8. c3 Nb8 9. Re1 0-0 10. Nbd2 Nbd7 11. Nf1 c5 12. Ng3 Nb6 13. d4 Qc7 14. h3 a5 15. d5 h6 16. Nh2 Nh7 17. Ng4 Bg5 18. Ne3 g6 19. Bc2 Kg7 20. Bd2 Qd8 21. Bd3 Bd7 22. Qe2 c4 23. Bc2 Bf4 24. Nef1 Qh4 25. Bxf4 Qxf4 26. Rad1 Ng5 27. Ne3 Qh4 28. Qf1 Rac8 29. Kh2 Qf4 30. Kg1 Qh4 31. Qe2 Rh8 32. Ng4 h5 33. Nh2 Qf4 34. Qf1 h4 35. Ne2 Qf6 36. f3 Rc5 37. Kh1 Qe7 38. f4 exf4 39. Qxf4 Qe5 40. Qf2 Re8 41. Nd4 Qf6 42. Qxh4 Re5 43. Nhf3 Nxf3 44. Qxf6+ Kxf6 45. Nxf3 Re7 46. g4 b4 47. Kg2 bxc3 48. bxc3 Rb5 49. Rb1 Rxb1 50. Bxb1 Re8 51. g5+ Ke7 52. Bc2 Rh8 53. Rh1 Ba4 54. Bxa4 Nxa4 55. Rc1 Rb8 56. Rc2 Rb1 57. Nd2 Re1 58. Nxc4 Rxe4 59. Nxa5 Re5 60. Nc6+ 1-0

[Event "SRB-ch U18"]
[Site "Sokobanja"]
[Date "2010.04.08"]
[Round "6"]
[White "Zivkovic, Nikola"]
[Black "Radusinovic, Lazar"]
[Result "0-1"]
[WhiteElo "2184"]
[BlackElo "2186"]
[PlyCount "98"]
[EventDate "2010.04.05"]
[EventType "swiss"]
[EventRounds "9"]
[EventCountry "YUG"]
[SourceTitle "CBM 135 Extra"]
[Source "ChessBase"]
[SourceDate "2010.05.04"]
[SourceVersion "1"]
[SourceVersionDate "2010.05.04"]
[SourceQuality "1"]

1. c4 e5 2. Nc3 Nc6 3. g3 d6 4. Bg2 Be6 5. d3 h6 6. e4 Be7 7. Nge2 Qd7 8. Be3 Bg5 9. Qd2 Bxe3 10. Qxe3 Nge7 11. 0-0 Bh3 12. f4 exf4 13. Nxf4 Bxg2 14. Kxg2 0-0 15. Ncd5 f6 16. Nh5 Nxd5 17. cxd5 Ne5 18. Nf4 c5 19. dxc6 bxc6 20. d4 Nf7 21. Rac1 Rab8 22. b3 Rfe8 23. Rfe1 Rbc8 24. Qd3 Qb7 25. h4 c5 26. dxc5 dxc5 27. Qd5 Qa6 28. Rc2 Re5 29. Qc4 Qb7 30. Nd3 Re7 31. Nxc5 Qa8 32. b4 f5 33. Rce2 fxe4 34. Kh2 Kh8 35. Qb3 Rce8 36. Rxe4 Ne5 37. Qd1 Qc6 38. Qh5 Qf6 39. Kg2 Qc6 40. Kh3 Qc8+ 41. Kh2 Ng4+ 42. Kg1 Rxe4 43. Rxe4 Rxe4 44. Nxe4 Qc1+ 45. Kg2 Qc2+ 46. Kf3 Qd3+ 47. Kf4 Qe3+ 48. Kf5 Qf3+ 49. Kg6 Qxe4+ 0-1

[Event "SRB-ch U18"]
[Site "Sokobanja"]
[Date "2010.04.07"]
[Round "4"]
[White "Zivkovic, Nikola"]
[Black "Desnica, Vladan"]
[Result "1/2-1/2"]
[WhiteElo "2184"]
[BlackElo "2052"]
[PlyCount "96"]
[EventDate "2010.04.05"]
[EventType "swiss"]
[EventRounds "9"]
[EventCountry "YUG"]
[SourceTitle "CBM 135 Extra"]
[Source "ChessBase"]
[SourceDate "2010.05.04"]
[SourceVersion "1"]
[SourceVersionDate "2010.05.04"]
[SourceQuality "1"]

1. c4 Nf6 2. Nc3 g6 3. g3 Bg7 4. Bg2 0-0 5. Nf3 d6 6. 0-0 c6 7. Rb1 a5 8. a3 Bf5 9. d3 Qc8 10. Re1 Bh3 11. Bh1 h6 12. b4 axb4 13. axb4 Ng4 14. Qb3 Nd7 15. Bb2 Kh7 16. Ne4 f6 17. Ra1 Rxa1 18. Rxa1 Nde5 19. b5 Nxf3+ 20. Bxf3 f5 21. Nd2 Bxb2 22. Qxb2 Ne5 23. Ra7 Nxf3+ 24. Nxf3 c5 25. Nd2 f4 26. f3 fxg3 27. hxg3 Bf5 28. Kg2 Qc7 29. Qa1 Bc8 30. Ne4 Qd7 31. Nf2 Rf7 32. Qc1 Qe6 33. Ra2 Rf8 34. Qc3 Qf5 35. Ra1 Qe6 36. Qd2 Qe5 37. Rh1 g5 38. Ne4 Kg6 39. Qc3 Qxc3 40. Nxc3 Be6 41. Ra1 Kf7 42. Ra7 Rb8 43. e4 Kf6 44. f4 gxf4 45. gxf4 Bf7 46. Ra1 e6 47. e5+ dxe5 48. Ne4+ Kf5 1/2-1/2

[Event "SRB-ch U18"]
[Site "Sokobanja"]
[Date "2010.04.06"]
[Round "3"]
[White "Kaszas, Viktor"]
[Black "Zivkovic, Nikola"]
[Result "0-1"]
[WhiteElo "1988"]
[BlackElo "2184"]
[PlyCount "60"]
[EventDate "2010.04.05"]
[EventType "swiss"]
[EventRounds "9"]
[EventCountry "YUG"]
[SourceTitle "CBM 135 Extra"]
[Source "ChessBase"]
[SourceDate "2010.05.04"]
[SourceVersion "1"]
[SourceVersionDate "2010.05.04"]
[SourceQuality "1"]

1. e4 c5 2. Nf3 e6 3. d4 cxd4 4. Nxd4 a6 5. c4 Qc7 6. Nc3 Nf6 7. a3 b6 8. Be3 Bb7 9. f3 d6 10. Be2 Nbd7 11. Rc1 Rc8 12. 0-0 Be7 13. b4 0-0 14. Qe1 Rfe8 15. Qf2 Qb8 16. Nb3 Bd8 17. Rfd1 Bc7 18. g3 d5 19. cxd5 exd5 20. exd5 Rxe3 21. Qxe3 Bxg3 22. d6 Bxd6 23. Qf2 Bf4 24. Rc2 Qe5 25. Rd3 Re8 26. Nd1 g6 27. Bf1 Qg5+ 28. Qg2 Qh5 29. Re2 Ne5 30. Rxe5 Rxe5 0-1

[Event "SRB-ch U18"]
[Site "Sokobanja"]
[Date "2010.04.05"]
[Round "1"]
[White "Jenic, Aleksandar"]
[Black "Zivkovic, Nikola"]
[Result "0-1"]
[WhiteElo "1879"]
[BlackElo "2184"]
[PlyCount "84"]
[EventDate "2010.04.05"]
[EventType "swiss"]
[EventRounds "9"]
[EventCountry "YUG"]
[SourceTitle "CBM 135 Extra"]
[Source "ChessBase"]
[SourceDate "2010.05.04"]
[SourceVersion "1"]
[SourceVersionDate "2010.05.04"]
[SourceQuality "1"]

1. d4 Nf6 2. c4 d6 3. Nc3 Nbd7 4. e4 e5 5. Nf3 Be7 6. Bd3 c6 7. 0-0 0-0 8. Be3 a6 9. Qd2 Ng4 10. a3 Nxe3 11. Qxe3 exd4 12. Nxd4 Bf6 13. Rab1 Ne5 14. Be2 Re8 15. Rfd1 Qc7 16. h3 Bd7 17. Nf3 Rad8 18. b4 Bc8 19. Nxe5 Bxe5 20. Bf3 f5 21. Re1 Qf7 22. Qd3 Qf6 23. Rbc1 Rf8 24. Rc2 Rde8 25. Kf1 f4 26. Na4 Qh4 27. c5 Be6 28. cxd6 Rd8 29. Nc5 Rxd6 30. Qe2 Bc8 31. Rd1 Rfd8 32. Rcd2 Qf6 33. Qc4+ Kf8 34. Ke2 Bd4 35. Bg4 b5 36. Qc2 Qh4 37. Rxd4 Bxg4+ 38. hxg4 Qxg4+ 39. Ke1 Rxd4 40. Rxd4 Rxd4 41. f3 Qg6 42. Ne6+ Qxe6 0-1